<?xml version='1.0' encoding='UTF-8'?>
  <record xmlns="http://www.loc.gov/MARC21/slim">
    <leader>00000ctm a22000007i 4500</leader>
    <controlfield tag="001">ocn965420024</controlfield>
    <controlfield tag="003">OCoLC</controlfield>
    <controlfield tag="005">20240412085502.1</controlfield>
    <controlfield tag="008">150422q15001600ne            000 0 dut d</controlfield>
    <datafield tag="040" ind1=" " ind2=" ">
      <subfield code="a">QGJ</subfield>
      <subfield code="b">dut</subfield>
      <subfield code="c">QGJ</subfield>
      <subfield code="d">OCLCL</subfield>
      <subfield code="d">OCLCQ</subfield>
    </datafield>
    <datafield tag="035" ind1=" " ind2=" ">
      <subfield code="a">(OCoLC)965420024</subfield>
    </datafield>
    <datafield tag="041" ind1="1" ind2=" ">
      <subfield code="a">dut</subfield>
      <subfield code="a">lat</subfield>
      <subfield code="h">grk</subfield>
    </datafield>
    <datafield tag="245" ind1="0" ind2="0">
      <subfield code="a">Gebeden, leeringen, meditaties etc.</subfield>
      <subfield code="f">UBU Hs. 1036 (Hs 2 10).</subfield>
    </datafield>
    <datafield tag="246" ind1="3" ind2=" ">
      <subfield code="a">Stichtelijke werken</subfield>
    </datafield>
    <datafield tag="260" ind1=" " ind2=" ">
      <subfield code="a">[S.l.],</subfield>
      <subfield code="c">[1500-1600]</subfield>
    </datafield>
    <datafield tag="300" ind1=" " ind2=" ">
      <subfield code="a">96 fols. ;</subfield>
      <subfield code="c">148 x 98 mm.</subfield>
    </datafield>
    <datafield tag="336" ind1=" " ind2=" ">
      <subfield code="a">text</subfield>
      <subfield code="b">txt</subfield>
      <subfield code="2">rdacontent</subfield>
    </datafield>
    <datafield tag="337" ind1=" " ind2=" ">
      <subfield code="a">unmediated</subfield>
      <subfield code="b">n</subfield>
      <subfield code="2">rdamedia</subfield>
    </datafield>
    <datafield tag="338" ind1=" " ind2=" ">
      <subfield code="a">volume</subfield>
      <subfield code="b">nc</subfield>
      <subfield code="2">rdacarrier</subfield>
    </datafield>
    <datafield tag="340" ind1=" " ind2=" ">
      <subfield code="a">paper</subfield>
      <subfield code="k">1 column, c. 25 lines, littera cursiva.</subfield>
    </datafield>
    <datafield tag="500" ind1=" " ind2=" ">
      <subfield code="a">Preliminary title.</subfield>
    </datafield>
    <datafield tag="500" ind1=" " ind2=" ">
      <subfield code="a">Contains also: Declaratie opten psalm Miserere ; Meditatie op dat pater noster ; Manasses gebet, en andere gebeden ; Sermo de patientia et consummatione hujus saeculi / Johannes Chrysostomus ; Ratio et methodus consolandi periculose decumbentes.</subfield>
    </datafield>
    <datafield tag="524" ind1=" " ind2=" ">
      <subfield code="a">Cite as: Universiteitsbibliotheek Utrecht Hs. 1036 (Hs 2 10).</subfield>
    </datafield>
    <datafield tag="581" ind1=" " ind2=" ">
      <subfield code="a">P.A. Tiele, Catalogus codicum manu scriptorum Bibliothecae Universitatis Rheno-Trajectinae. I. Trajecti ad Rhenum / Hagae Comitis 1887. P. 253.</subfield>
    </datafield>
    <datafield tag="581" ind1=" " ind2=" ">
      <subfield code="a">S.G. Axters, Bibliotheca dominicana Neerlandica manuscripta 1224-1500. Louvain 1970. (= Bibliothèque de la Revue d'histoire ecclésiastique 49). p. 273 (fol. 104v-107v).</subfield>
    </datafield>
    <datafield tag="581" ind1=" " ind2=" ">
      <subfield code="a">A.W. Byvanck &amp; G.J. Hoogewerff, Noord-Nederlandsche miniaturen in handschriften der 14e, 15e en 16e eeuwen. Den Haag 1922-1925. P. 20 nr. 39, pl. 30.</subfield>
    </datafield>
    <datafield tag="581" ind1=" " ind2=" ">
      <subfield code="a">A.W. Byvanck, 'De verluchte handschriften der Universiteitsbibliotheek te Utrecht', in: Oudheidkundig jaarboek 1 (1921). P. 225.</subfield>
    </datafield>
    <datafield tag="581" ind1=" " ind2=" ">
      <subfield code="a">A.W. Byvanck, 'Utrechtsche miniaturen', in: Het gildeboek 6 (1923). P. 78.</subfield>
    </datafield>
    <datafield tag="581" ind1=" " ind2=" ">
      <subfield code="a">A.W. Byvanck, 'Aantekeningen over handschriften met miniaturen: XI. De meester van Zweder van Culemborg en de Utrechtsche miniaturen', in: Oudheidkundig Jaarboek 10 (1930). P. 130.</subfield>
    </datafield>
    <datafield tag="581" ind1=" " ind2=" ">
      <subfield code="a">G. Gerritsen-Geywitz, 'Sichel, Krause und lange Linien. Utrechter Fleuronnée im zweiten Viertel des fünfzehnten Jahrhunderts', in: Quaerendo 33 (2003) 1-2, p. 96-118. p. 112-113, afb. op p. 111.</subfield>
    </datafield>
    <datafield tag="581" ind1=" " ind2=" ">
      <subfield code="a">G. Gerritsen-Geywitz, 'Die Chorbücher des Utrechter Marienkapitels aus kodikologischer sicht', in: Tijdschrift van de Koninklijke Vereniging voor Nederlandse Muziekgeschiedenis 53 (2003) 1-2, p. 277- 312. p. 283 nt. 25.</subfield>
    </datafield>
    <datafield tag="581" ind1=" " ind2=" ">
      <subfield code="a">F. Gorissen, Das Stundenbuch der Katharina von Kleve. Analyse und Kommentar. Berlin 1973. P. 802, 825.</subfield>
    </datafield>
    <datafield tag="581" ind1=" " ind2=" ">
      <subfield code="a">J. Hintzen, 'De geminieerde handschriften der Utrechtsche Universiteits-Bibliotheek', in: Het boek 10 (1921), p. 1-13, 263-264. p. 11.</subfield>
    </datafield>
    <datafield tag="581" ind1=" " ind2=" ">
      <subfield code="a">M.H. Hulshof, 'Gebed en voorschriften tegen pest in een Utrechtsch getijdenboekje uit 1440', in: Bijdragen tot de geschiedenis der geneeskunde 19 (1939). P. 38-40 (tekstuitgave van fol. 98-102v).</subfield>
    </datafield>
    <datafield tag="581" ind1=" " ind2=" ">
      <subfield code="a">R. Jansen-Sieben, Repertorium van de middelnederlandse artes-literatuur. Utrecht 1989. P. 466 nr. U270.</subfield>
    </datafield>
    <datafield tag="581" ind1=" " ind2=" ">
      <subfield code="a">Handschriften en oude drukken van de Utrechtse Universiteitsbibliotheek. Catalogus bij de tentoonstelling in het Centraal Museum te Utrecht ter gelegenheid van het 400-jarig bestaan van de bibliotheek der Rijksuniversiteit, 1584-1984. Utrecht 1984. p. 253-255 nr. 120, afb. op p. 254.</subfield>
    </datafield>
    <datafield tag="581" ind1=" " ind2=" ">
      <subfield code="a">K. van der Horst, Illuminated and decorated medieval manuscripts in the University Library, Utrecht. An illustrated catalogue. Maarssen / 's-Gravenhage 1989. p. 11 nr. 37, pl. F, afb. 155-161.</subfield>
    </datafield>
    <datafield tag="581" ind1=" " ind2=" ">
      <subfield code="a">L.S. Wierda, De Sarijs-handschriften. Studie naar een groep laat-middeleeuwse handschriften uit de IJsselstreek (voorheen toegeschreven aan de Agnietenberg bij Zwolle). Dissertatie Groningen. Zwolle 1995. Met diskette. P. 59 nt. 231-232.</subfield>
    </datafield>
    <datafield tag="530" ind1=" " ind2=" ">
      <subfield code="a">Also available in online version.</subfield>
    </datafield>
    <datafield tag="655" ind1=" " ind2="7">
      <subfield code="a">Handschriften (vorm)</subfield>
      <subfield code="0">088143309</subfield>
      <subfield code="2">gtt</subfield>
    </datafield>
    <datafield tag="700" ind1="0" ind2=" ">
      <subfield code="a">Johannes Chrysostomus,</subfield>
      <subfield code="d">ca. 345-407.</subfield>
    </datafield>
    <datafield tag="700" ind1="1" ind2=" ">
      <subfield code="a">Poll, Evert van de,</subfield>
      <subfield code="d">ca. 1562-1602,</subfield>
      <subfield code="e">former owner.</subfield>
      <subfield code="4">fmo</subfield>
      <subfield code="5">NL-UtRU</subfield>
    </datafield>
    <datafield tag="758" ind1=" " ind2=" ">
      <subfield code="a">UBU Hs. 1036 (Hs 2 10) Gebeden, leeringen, meditaties etc (Text)</subfield>
      <subfield code="1">https://id.oclc.org/worldcat/entity/E39PD3Brp7pqddKVD49cB6wqYq</subfield>
      <subfield code="4">https://id.oclc.org/worldcat/ontology/hasWork</subfield>
    </datafield>
    <datafield tag="776" ind1="0" ind2="8">
      <subfield code="i">Online version:</subfield>
      <subfield code="t">Gebeden, leeringen, meditaties etc.</subfield>
      <subfield code="d">[S.l.], [1500-1600]</subfield>
    </datafield>
    <datafield tag="856" ind1="4" ind2="1">
      <subfield code="u">http://objects.library.uu.nl/reader/resolver.php?obj=002657484&amp;type=2</subfield>
      <subfield code="x">Online</subfield>
      <subfield code="z">Full Text</subfield>
    </datafield>
    <datafield tag="936" ind1=" " ind2=" ">
      <subfield code="a">BATCHLOAD</subfield>
    </datafield>
  </record>